| 000 | 00509nam a22001937a 4500 | ||
|---|---|---|---|
| 003 | OSt | ||
| 005 | 20140310181756.0 | ||
| 008 | 130629t xxu||||| |||| 00| 0 eng d | ||
| 020 | _a9716300387 | ||
| 050 |
_aDS 675.8 _b.Oc15 1995 |
||
| 082 |
_aFIL 920 _bAl72 1995 |
||
| 245 |
_aTeodora Alonso / _cAmbeth R. Ocampo. |
||
| 260 |
_aMakati, Metro Manila : _bTahanan Books for Young Readers, _cc1995. |
||
| 300 |
_a31 p. : _bill. ; _c25 cm. |
||
| 562 | _e2 | ||
| 942 |
_2lcc _cBK |
||
| 999 |
_c3439 _d3439 |
||